| 000 | 00000nas 2200000za 4500 |
| 001 | 9.503517 |
| 003 | CaOODSP |
| 005 | 20230915100107 |
| 007 | cr ||||||||||| |
| 008 | 150406c1998||||xxc|| p o||||f| |0fre|d |
| 022 | |a1700-8301 |
| 040 | |aCaOODSP|bfre |
| 043 | |an-cn--- |
| 086 | 1 |aCW70-3F-pdf |
| 110 | 2 |aService canadien de la faune. |
| 245 | 10|aRESCAPÉ rapport |h[ressource électronique] |
| 260 | |aOttawa - Ontario : |bEnvironnement Canada. |
| 310 | |aAnnuel |
| 362 | 1 |a1997/1998--1998/1999 |
| 691 | 07|aEspèce menacée|2gcpds |
| 775 | 08|tRENEW report |w(CaOODSP)9.507124 |
| 785 | 00|tRapport annuel, rétablissement des espèces canadiennes en péril.|w(CaOODSP)9.502851 |